000
00297nam a22001217a 4500
082
_a
158
_b
BAC/T
100
_a
BACKUS,WILLIAM
245
_a
TELLING YOURSELF
_b
THE TRUTH
260
_a
MINNESOTA
_b
BETHANY HOUSE PUBLISHERS
300
_a
182
650
_a
PERSONALITY DEVELOPMENT
_z
MINNESOTA
942
_c
BK
999
_c
5221
_d
5221